| 000 | 00596nam a22002057a 4500 | ||
|---|---|---|---|
| 003 | NUST | ||
| 005 | 20210917142548.0 | ||
| 008 | 190703b ||||| |||| 00| 0 eng d | ||
| 038 | _aMr. Zahoor | ||
| 082 | _a510 | ||
| 100 |
_aAshraf, Samina _916493 |
||
| 245 |
_aOn the Construction of Symplectic Integrators via Vandermonde Transformation / _cSamina Ashraf |
||
| 260 |
_aIslamabad : _bCAMP - NUST, _c2013. |
||
| 300 |
_av, 95 p. : ill. ; _c30cm. |
||
| 500 | _aHardcover. | ||
| 563 | _aH/B | ||
| 650 |
_aCAMP - Mphil Thesis _916494 |
||
| 700 |
_aDr. Yousaf Habib _916140 |
||
| 942 |
_2ddc _cTHE |
||
| 999 |
_c525582 _d525582 |
||